Statistics for Funny Bundesliga Surnames 2022-23

Click here to take the quiz!

General Stats

  • This quiz has been taken 42 times
  • The average score is 9 of 18

Answer Stats

First NameCurrent ClubYear JoinedAnswer% Correct
DominikRB Leipzig2021Szoboszlai
81%
KonstantinosStuttgart2020Mavropanos
76%
NoussairBayern München2022Mazraoui
76%
MakotoEintracht Frankfurt2014Hasebe
73%
CharlesBayer Leverkusen2015Aránguiz
70%
RamyBorussia Mönchengladbach2019Bensebaini
70%
JamieBorussia Dortmund2022Bynoe-Gittens
68%
Jean-PaulHertha Berlin2022Boëtius
54%
MickyWolfsburg2021van de Ven
51%
Jordan*Union Berlin2022Siebatcheu
49%
ErminHoffenheim2014Bičakčić
46%
MarcusMainz2021Ingvartsen
43%
AlexanderSchalke2022Schwolow
41%
ElvisAugsburg2022Rexhbeçaj
38%
KiliannFreiburg2022Sildillia
30%
LeeWerder Bremen2022Buchanan
27%
KingsleyKöln2022Ehizibue
16%
VasiliosBochum2020Lampropoulos
16%

Score Distribution

Percentile by Number Answered

Percent of People with Each Score

Your Score History

You have not taken this quiz